00523nam a2200157 a 450000500170000000800410001702000180005805000270007610000300010324500860013326000440021930000370026352100090030065000340030970000220034320140310183533.0110822s19uu xx 00 eng d a9780821380574 aHG 3270.3b.So712 2010 aSophastienphong, Kiatchai aGetting finance in south asia 2010 /cKiatchai Sophastienphong; Anoma Kulathunga. aWashington DC :bThe World Bank,c2010. a329 p. :bgraphs. col. ;c26 cm. aBSBA aEconomic developmentxFinance aKulathunga, Anoma